000 00492cam a2200193ua 4500
003 OSt
008 241101b |||||||| |||| 00| 0 eng d
020 _a81-7233-041-3
041 _aeng
082 _a621.47
_bKAU/EN
100 _aKoushika, N D .
_96382
245 0 0 _aEnergy resources and technology, Vol 2 /
250 _a1 /
260 _aJodhpur :
_bScientific Publishers ,
_c1992.
300 _a195 ; .
700 1 _aJha, C S .
_96383
700 1 _aKaneff, S .
_96381
942 _cBK
999 _c9758
_d9758